000
00220nam a2200097Ia 4500
008
240331s9999 xx 000 0 und d
082
_b
SRI
100
_a
Srinivasan, A
245
0
_a
Kramappura paadalikalai nokki
942
_c
L
999
_c
2216
_d
2216